000 00744nam a2200265Ia 4500
003 OSt
005 20221006143837.0
006 a|||||r|||| 00| 0
007 ta
008 221006b |||||||| |||| 00| 0 eng d
020 _c
_29.50 (each)
024 _a10,170
037 _cTextual
040 _aEASL
_cEASL
_beng
041 _2eng
_aeng
082 _aW0aY.41.N8, M3;-1
100 _aNEE Victor Ed.
_9336858
245 0 _aState and society in contemporary China
260 _aLondon
_bCornell University Press
_c1983
300 _a303p.
_ccm.
490 _v CEL
700 _a MOZINGO David Ed.
_9650537
942 _hW0aY.41.N8, M3;-1
_cTEXL
_2CC
999 _c1078256
_d1078256